Dieux, génies et démons en Égypte ancienne : à la rencontre d'Osiris, Anubis, Isis, Hathor, Rê et les autres...

Saved in:
Bibliographic Details
Corporate Author: Musée royal de Mariemont (Gastgebende Institution)
Other Authors: Quertinmont, Arnaud (Editor, HerausgeberIn)
Document Type: Book
Language:French
Published: Morlanwelz : Musée royal de Mariemont , [avril 2016]
Morlanwelz [avril 2016]
Subjects:
Online Access:Inhaltsverzeichnis
http://catalogue.bnf.fr/ark:/12148/cb450385483
Inhaltsverzeichnis
Related Items:Rezensiert in: [Rezension von: Arnaud Quertinmont (Hrsg.), Dieux, génies et démons en Égypte ancienne. À la rencontre d'Osiris, Anubis, Isis, Hathor, Rê et les autres…]
Author Notes:sous la direction d'Arnaud Quertinmont
LEADER 04429cam a2200901 c 4500
001 86530193X
003 DE-627
005 20260618000924.0
007 tu
008 160810s2016 be ||||| c 00| ||fre c
020 |a 9782757210161  |9 978-2-7572-1016-1 
020 |a 2757210165  |9 2-7572-1016-5 
035 |a (DE-627)86530193X 
035 |a (DE-603)386850704 
035 |a (DE-576)478534337 
035 |a (DE-599)BVBBV043645154 
035 |a (OCoLC)1532600281 
035 |a (OCoLC)954067386 
035 |a (OCoLC)950987073 
035 |a (DE-604)BV043645154 
035 |a (ZDB-21-EIL)3153540 
040 |a DE-627  |b ger  |c DE-627  |e rda 
041 |a fre 
044 |c XA-BE  |c XA-FR 
050 0 |a N 
082 0 |a 932  |2 14 
082 0 |a 704  |2 14 
082 0 |a 709.320 74 
084 |a ALT-AY  |q DE-16  |2 fid 
084 |a LE 5820  |q BVB  |2 rvk  |0 (DE-625)rvk/91108: 
245 0 0 |a Dieux, génies et démons en Égypte ancienne  |b à la rencontre d'Osiris, Anubis, Isis, Hathor, Rê et les autres...  |c sous la direction d'Arnaud Quertinmont 
264 1 |a Morlanwelz  |b Musée royal de Mariemont  |c [avril 2016] 
264 1 |a Morlanwelz  |b Musée royal de Mariemont  |c [avril 2016] 
300 |a 383 Seiten  |b Illustrationen  |c 30 cm 
336 |a Text  |b txt  |2 rdacontent 
336 |a unbewegtes Bild  |b sti  |2 rdacontent 
337 |a ohne Hilfsmittel zu benutzen  |b n  |2 rdamedia 
338 |a Band  |b nc  |2 rdacarrier 
500 |a Aus dem Impressum: "Cet ouvrage accompagne l'exposition 'Dieux, génies et démons en Égypte ancienne', présentée du 21 mai au 20 novembre 2016 au Musée royal de Mariemont, Morlanwelz" 
583 1 |a Archivierung/Langzeitarchivierung gewährleistet  |f FID  |x XA-DE-BW  |2 pdager  |5 DE-16 
650 4 |a Art égyptien 
650 4 |a Dieux égyptiens 
653 0 |a Art égyptien  |a Thèmes, motifs  |a Catalogues d'exposition 
653 0 |a Dieux égyptiens  |a Dans l'art  |a Catalogues d'exposition 
655 7 |a Katalog  |0 (DE-588)4163417-2  |0 (DE-627)105454966  |0 (DE-576)209880899  |2 gnd-content 
655 7 |a Ausstellungskatalog  |x Musée Royal  |y 21.05.2015-20.11.2016  |z Mariemont  |0 (DE-588)4135467-9  |0 (DE-627)10566491X  |0 (DE-576)209660988  |2 gnd-content 
655 7 |a Ausstellungskatalog  |0 (DE-588)4135467-9  |0 (DE-627)10566491X  |0 (DE-576)209660988  |2 gnd-content 
689 0 0 |d g  |0 (DE-588)4068430-1  |0 (DE-627)106105639  |0 (DE-576)209173815  |a Ägypten  |g Altertum  |2 gnd 
689 0 1 |d s  |0 (DE-588)4124919-7  |0 (DE-627)105744042  |0 (DE-576)209572175  |a Gottesdarstellung  |2 gnd 
689 0 2 |d s  |0 (DE-588)4114333-4  |0 (DE-627)105822957  |0 (DE-576)209483733  |a Kunst  |2 gnd 
689 0 |5 DE-101 
689 1 0 |d g  |0 (DE-588)4068430-1  |0 (DE-627)106105639  |0 (DE-576)209173815  |a Ägypten  |g Altertum  |2 gnd 
689 1 1 |d s  |0 (DE-588)4049396-9  |0 (DE-627)106187155  |0 (DE-576)209081880  |a Religion  |2 gnd 
689 1 2 |d s  |0 (DE-588)4021662-7  |0 (DE-627)104649747  |0 (DE-576)208939261  |a Gott  |2 gnd 
689 1 3 |d s  |0 (DE-588)4010872-7  |0 (DE-627)106355465  |0 (DE-576)208890602  |a Dämon  |2 gnd 
689 1 |5 (DE-627) 
700 1 |a Quertinmont, Arnaud  |d 1982-  |e HerausgeberIn  |0 (DE-588)1047967928  |0 (DE-627)779647955  |0 (DE-576)40180321X  |4 edt 
710 2 |a Musée royal de Mariemont  |e Gastgebende Institution  |0 (DE-588)1041051-X  |0 (DE-627)103916555  |0 (DE-576)191380008  |4 his 
787 0 8 |i Rezensiert in  |a Podvin, Jean-Louis  |t [Rezension von: Arnaud Quertinmont (Hrsg.), Dieux, génies et démons en Égypte ancienne. À la rencontre d'Osiris, Anubis, Isis, Hathor, Rê et les autres…]  |d 2016  |w (DE-627)1819036332 
856 4 2 |u https://swbplus.bsz-bw.de/bsz478534337inh.htm  |m B:DE-576;DE-16  |q application/pdf  |v 20170406142612  |x Verlag  |3 Inhaltsverzeichnis  |7 1 
856 4 2 |u http://catalogue.bnf.fr/ark:/12148/cb450385483  |7 1 
856 4 2 |u http://scans.hebis.de/HEBCGI/show.pl?38685070_toc.pdf  |m V:DE-605;X:Imageware  |q application/pdf  |3 Inhaltsverzeichnis  |7 1 
935 |i Blocktest 
936 r v |a LE 5820  |b Götter  |k Klassische Archäologie  |k Nachbarwissenschaften  |k Ägypten und Orient  |k Archäologie und Geschichte Ägyptens  |k Religion  |k Götter  |0 (DE-627)1274767067  |0 (DE-625)rvk/91108:  |0 (DE-576)204767067 
936 s n |a l300  |2 mzub 
936 s n |a e400  |2 mzub 
936 s n |a l200  |2 mzub 
936 s n |a n400  |2 mzub 
951 |a BO 
990 |a Ägypten 
990 |a Gottesdarstellung 
990 |a Kunst 
990 |a Ägypten 
990 |a Religion 
990 |a Gott 
990 |a Dämon 
991 |a Rezensiertes Werk 
999 |a KXP-PPN86530193X  |e 4200660342